Southville International School and Colleges
Your cart is empty.
  • Cart
  • Lists
    Public lists Eva Luna New books Lux_list list_1
    Your lists Log in to create your own lists
  • Log in to your account
  • Your cookies
  • Search history
Southville International School and Colleges
  • Advanced search
  • Recent comments
  • Most popular
  • Libraries

Log in to your account

Log in with GOOGLE


If you do not have an external account, but do have a local account, you can still log in:

  1. Home
  2. MARC view: Tortoise wins the race /
Normal view MARC view ISBD view

Tortoise wins the race / (Record no. 111746)

[ view plain ]
MARC details
000 -LEADER
fixed length control field 00525nam a2200193 a 4500
001 - CONTROL NUMBER
control field 2407
005 - DATE AND TIME OF LATEST TRANSACTION
control field 20140414131921.0
008 - FIXED-LENGTH DATA ELEMENTS--GENERAL INFORMATION
fixed length control field 050601s19uu xx 00 eng d
020 ## - INTERNATIONAL STANDARD BOOK NUMBER
International Standard Book Number 981-3050-75-6
050 ## - LIBRARY OF CONGRESS CALL NUMBER
Classification number ER
Item number T63 1996
100 ## - MAIN ENTRY--PERSONAL NAME
Personal name Jonathan
245 ## - TITLE STATEMENT
Title Tortoise wins the race /
Statement of responsibility, etc Jonathan.
260 ## - PUBLICATION, DISTRIBUTION, ETC. (IMPRINT)
Place of publication, distribution, etc Singapore :
Name of publisher, distributor, etc System Publishing House Pte.,
Date of publication, distribution, etc 1996.
300 ## - PHYSICAL DESCRIPTION
Extent 1 v. p. : ill. ; cm.
440 ## - SERIES STATEMENT/ADDED ENTRY--TITLE
Title Little Library Series
650 ## - SUBJECT ADDED ENTRY--TOPICAL TERM
Topical term or geographic name as entry element Tortoise
General subdivision Fiction.
650 ## - SUBJECT ADDED ENTRY--TOPICAL TERM
Topical term or geographic name as entry element Children stories.
Holdings
Withdrawn status Lost status Damaged status Use restrictions Home library Current library Shelving location Date acquired Source of acquisition Total Checkouts Full call number Barcode Date last seen Price effective from Koha item type
        Munich Library Munich Library Easy Reading Section 06/01/2005     ER T63 1996 M2626 04/14/2014 04/14/2014 Books

Tortoise wins the race /

APA

Jonathan, . (1996). Tortoise wins the race. Singapore: System Publishing House Pte.

Chicago

Jonathan, . 1996. Tortoise wins the race. Singapore: System Publishing House Pte.

Harvard

Jonathan, . (1996). Tortoise wins the race. Singapore: System Publishing House Pte.

MLA

Jonathan, . Tortoise wins the race. Singapore: System Publishing House Pte. 1996.

  • Place hold
  • Print
  • Cite
  • Add to your cart (remove)
  • Save record
    BIBTEX Dublin Core MARCXML MARC (non-Unicode/MARC-8) MARC (Unicode/UTF-8) MARC (Unicode/UTF-8, Standard) MODS (XML) RIS
  • More searches
    Search for this title in:
    Other Libraries (WorldCat) Other Databases (Google Scholar) Online Stores (Bookfinder.com) Open Library (openlibrary.org)

Exporting to Dublin Core...

SOUTHVILLE LIBRARY

Southville International School and Colleges Library

1281 Tropical Ave. Cor. Luxembourg St., BF Homes International, Las Pinas City

Tel. No. 8256374 / 252358 Loc. 117/146

Powered by Koha